000 00417nam a2200181Ia 4500
008 210210b1943 xxu||||| |||| 00| 0 eng d
041 _aeng
082 _a536/137
100 _aWILSON (H A)
245 _aModern physics Ed 2
250 _a
260 _aLondon
_bBlackie & Son (India) Ltd.,
_c1943
300 _axv,432
650 _aphysics
650 _aModern
690 _aModern Physics
906 _a008935
999 _c126807
_d126807